Statistics for Caribbean Countries: No Vowels.

Click here to take the quiz!

General Stats

  • This quiz has been taken 85 times
  • The average score is 22 of 23

Answer Stats

HintAnswer% Correct
JMCJamaica
100%
DMNCDominica
99%
MXCMexico
99%
VNZLVenezuela
99%
BRBDSBarbados
94%
CBCuba
94%
DMNCN RPBLCDominican Republic
94%
HTHaiti
94%
SNT LCSaint Lucia
94%
NTG ND BRBDAntigua and Barbuda
93%
CLMBColombia
93%
CST RCCosta Rica
93%
HNDRSHonduras
93%
NCRGNicaragua
93%
PNMPanama
93%
SNT KTTS ND NVSSaint Kitts and Nevis
93%
TRNDD ND TBGTrinidad and Tobago
93%
GRNDGrenada
92%
SNT VNCNT ND TH GRNDNSSaint Vincent and the Grenadines
92%
BLZBelize
90%
GTMLGuatemala
90%
GYNGuyana
89%
SRNMSuriname
88%

Score Distribution

Percentile by Number Answered

Percent of People with Each Score

Your Score History

You have not taken this quiz